<?xml version="1.0" encoding="UTF-8"?><?xml-stylesheet type="text/xsl" href="static/style.xsl"?><OAI-PMH xmlns="http://www.openarchives.org/OAI/2.0/" xmlns:xsi="http://www.w3.org/2001/XMLSchema-instance" xsi:schemaLocation="http://www.openarchives.org/OAI/2.0/ http://www.openarchives.org/OAI/2.0/OAI-PMH.xsd"><responseDate>2026-04-18T01:19:22Z</responseDate><request verb="GetRecord" identifier="oai:www.recercat.cat:11351/12550" metadataPrefix="marc">https://recercat.cat/oai/request</request><GetRecord><record><header><identifier>oai:recercat.cat:11351/12550</identifier><datestamp>2025-10-24T10:24:20Z</datestamp><setSpec>com_2072_378070</setSpec><setSpec>com_2072_378040</setSpec><setSpec>col_2072_378092</setSpec></header><metadata><record xmlns="http://www.loc.gov/MARC21/slim" xmlns:dcterms="http://purl.org/dc/terms/" xmlns:xsi="http://www.w3.org/2001/XMLSchema-instance" xmlns:doc="http://www.lyncode.com/xoai" xsi:schemaLocation="http://www.loc.gov/MARC21/slim http://www.loc.gov/standards/marcxml/schema/MARC21slim.xsd">
   <leader>00925njm 22002777a 4500</leader>
   <datafield ind2=" " ind1=" " tag="042">
      <subfield code="a">dc</subfield>
   </datafield>
   <datafield ind2=" " ind1=" " tag="720">
      <subfield code="a">Gonzalez-Moreno, Juan</subfield>
      <subfield code="e">author</subfield>
   </datafield>
   <datafield ind2=" " ind1=" " tag="720">
      <subfield code="a">Buades Reinés, Juan</subfield>
      <subfield code="e">author</subfield>
   </datafield>
   <datafield ind2=" " ind1=" " tag="720">
      <subfield code="a">Losada, Inés</subfield>
      <subfield code="e">author</subfield>
   </datafield>
   <datafield ind2=" " ind1=" " tag="720">
      <subfield code="a">Sevilla, Teresa</subfield>
      <subfield code="e">author</subfield>
   </datafield>
   <datafield ind2=" " ind1=" " tag="720">
      <subfield code="a">Martínez-Valle, Fernando</subfield>
      <subfield code="e">author</subfield>
   </datafield>
   <datafield ind2=" " ind1=" " tag="720">
      <subfield code="a">GALAN, LUCIA</subfield>
      <subfield code="e">author</subfield>
   </datafield>
   <datafield ind2=" " ind1=" " tag="260">
      <subfield code="c">2025-02-05T12:21:49Z</subfield>
   </datafield>
   <datafield ind2=" " ind1=" " tag="260">
      <subfield code="c">2025-02-05T12:21:49Z</subfield>
   </datafield>
   <datafield ind2=" " ind1=" " tag="260">
      <subfield code="c">2024-12-13</subfield>
   </datafield>
   <datafield ind2=" " ind1=" " tag="520">
      <subfield code="a">Mutation; Amyloidosis; Transthyretin</subfield>
   </datafield>
   <datafield ind2=" " ind1=" " tag="520">
      <subfield code="a">Mutació; Amiloïdosi; Transtiretina</subfield>
   </datafield>
   <datafield ind2=" " ind1=" " tag="520">
      <subfield code="a">Mutación; Amiloidosis; Transtiretina</subfield>
   </datafield>
   <datafield ind2=" " ind1=" " tag="520">
      <subfield code="a">Background: Hereditary transthyretin amyloidosis (ATTRv) is an autosomal-dominant systemic disease, where amyloid fibrils accumulate especially in the peripheral and autonomic nervous systems and in the heart. The aim of the present work was to outline the follow-up and type of management received by asymptomatic carriers (ACs) and Coutinho stage 1 ATTRv patients in Spain. Methods: A cross-sectional, non-interventional study was conducted throughout seven experienced hospitals in Spain. A total of 86 ACs without neurological symptoms and 19 Coutinho stage 1 ATTRv patients diagnosed 12 months before their enrollment were included. Clinical and demographic data, red flags, and neurological and cardiological evaluations were gathered. In addition, site variables were collected from four centers to describe the clinical management of ATTRv. Results: ATTRv clinical management varied depending on the center setting but was primarily overseen by neurology and internal medicine, which were responsible for the holistic follow-up of ACs and patients. Routinely, neurologists, neurophysiologists, cardiologists, and internal medicine conducted the follow-up. Specialties involved in initial AC assessment were neurophysiologists and cardiologists in 100% of cases, neurologists (75%), internists and geneticists (50%), and ophthalmologists (25%). A review of the medical tests performed proved an exhaustive management of the study population. Stable patients were followed up every 6 months, while those under evolution were monitored every 3–6 months. The frequency of monitoring of ACs was annual, and carriers classified with doubtful disease onset were visited every 3–6 months. Conclusions: The EMPATIa study provides valuable insights into the management of ATTRv in a real-world clinical setting in highly experienced hospitals in Spain. It demonstrates that multidisciplinary practice and enhanced disease awareness may lead to a reduction in diagnostic delay.</subfield>
   </datafield>
   <datafield ind2=" " ind1=" " tag="520">
      <subfield code="a">This study was sponsored by Pfizer SLU.</subfield>
   </datafield>
   <datafield ind1="8" ind2=" " tag="024">
      <subfield code="a">http://hdl.handle.net/11351/12550</subfield>
   </datafield>
   <datafield tag="653" ind2=" " ind1=" ">
      <subfield code="a">Hospitals</subfield>
   </datafield>
   <datafield tag="653" ind2=" " ind1=" ">
      <subfield code="a">Sistema nerviós - Malalties - Tractament</subfield>
   </datafield>
   <datafield tag="653" ind2=" " ind1=" ">
      <subfield code="a">Albúmina</subfield>
   </datafield>
   <datafield tag="653" ind2=" " ind1=" ">
      <subfield code="a">Amiloïdosi - Tractament</subfield>
   </datafield>
   <datafield tag="653" ind2=" " ind1=" ">
      <subfield code="a">DISEASES::Nervous System Diseases::Neurodegenerative Diseases::Heredodegenerative Disorders, Nervous System::Amyloid Neuropathies, Familial</subfield>
   </datafield>
   <datafield tag="653" ind2=" " ind1=" ">
      <subfield code="a">CHEMICALS AND DRUGS::Amino Acids, Peptides, and Proteins::Proteins::Albumins::Serum Albumin::Prealbumin</subfield>
   </datafield>
   <datafield tag="653" ind2=" " ind1=" ">
      <subfield code="a">HEALTH CARE::Health Services Administration::Patient Care Management::Disease Management</subfield>
   </datafield>
   <datafield tag="653" ind2=" " ind1=" ">
      <subfield code="a">HEALTH CARE::Health Care Facilities, Manpower, and Services::Health Facilities::Hospitals</subfield>
   </datafield>
   <datafield tag="653" ind2=" " ind1=" ">
      <subfield code="a">ENFERMEDADES::enfermedades del sistema nervioso::enfermedades neurodegenerativas::trastornos heredodegenerativos del sistema nervioso::neuropatías amiloideas familiares</subfield>
   </datafield>
   <datafield tag="653" ind2=" " ind1=" ">
      <subfield code="a">COMPUESTOS QUÍMICOS Y DROGAS::aminoácidos, péptidos y proteínas::proteínas::albúminas::albúmina sérica::prealbúmina</subfield>
   </datafield>
   <datafield tag="653" ind2=" " ind1=" ">
      <subfield code="a">ATENCIÓN DE SALUD::administración de los servicios de salud::gestión de la atención al paciente::tratamiento de las enfermedades</subfield>
   </datafield>
   <datafield tag="653" ind2=" " ind1=" ">
      <subfield code="a">ATENCIÓN DE SALUD::instalaciones, servicios y personal de asistencia sanitaria::centros sanitarios::hospitales</subfield>
   </datafield>
   <datafield ind2="0" ind1="0" tag="245">
      <subfield code="a">Management of Hereditary Transthyretin Amyloidosis (ATTRv) Patients and Asymptomatic Carriers in Spain: The EMPATIa Study</subfield>
   </datafield>
</record></metadata></record></GetRecord></OAI-PMH>